Roy's Tune - Fontaines DC lyric quiz - Statistics

General Stats
  • This quiz has been taken 87 times
  • The average score is 99 of 116
Answer Stats
Lyrics % Correct
3x
100%
I
100%
The
100%
the
100%
a
98%
me
98%
was
98%
and
96%
And
96%
in
96%
you
96%
dead
94%
they
92%
night
90%
no
90%
but
88%
hate
88%
her
88%
kill
88%
said
88%
stone
88%
There
88%
there
88%
use
88%
way
88%
company
86%
future
86%
is
86%
time
86%
treat
86%
like
84%
Love
82%
never
82%
on
82%
on?
82%
were
82%
when
82%
eyes
80%
my
80%
Are
78%
It
78%
message
78%
warning
78%
bed
76%
cool
74%
day
74%
hanging
74%
heard
74%
kid
74%
really
74%
breeze
72%
Hey
72%
would
70%
red
68%
ya
68%
evergreen
66%
hair
66%
spent
66%
seen
62%
lights
60%
scene
58%
weren't
56%
curbstone
54%
read
34%
No matching quizzes found
Score Distribution
Percent of People with Each Score
Percentile by Number Answered
Your Score History
You have not taken this quiz